[Event "Oslo Sveins op 5th"]
[Site "Oslo"]
[Date "2012.06.22"]
[Round "8"]
[White "Haug, Johannes"]
[Black "Soetre, Mathias"]
[Result "1-0"]
[WhiteElo "1886"]
[BlackElo "1695"]
[PlyCount "73"]
[EventDate "2012.06.22"]
[EventType "swiss"]
[EventRounds "9"]
[EventCountry "NOR"]
[SourceTitle "CBM 149 Extra"]
[Source "ChessBase"]
[SourceDate "2012.08.24"]
[SourceVersion "1"]
[SourceVersionDate "2012.08.24"]
[SourceQuality "1"]

1. e4 e6 2. d4 d5 3. e5 c5 4. c3 Nc6 5. Nf3 Bd7 6. Be2 Qb6 7. a3 0-0-0 8. b4 c4 9. a4 Nce7 10. Ng5 Nh6 11. f4 f6 12. Nf3 Nef5 13. Na3 Rg8 14. Bd2 Kb8 15. a5 Qa6 16. Qb1 Bb5 17. Bd1 Ng4 18. Nxb5 Qxb5 19. Ba4 Qa6 20. Bd7 b5 21. axb6 Qxb6 22. Ba4 Rc8 23. Bc2 a6 24. Bxf5 exf5 25. Qxf5 Nh6 26. Qc2 Rc7 27. Ra5 Ra7 28. Ke2 Qc6 29. Rha1 f5 30. b5 Qd7 31. b6 Ra8 32. Rxa6 Rxa6 33. Rxa6 Qc6 34. Qa2 Qb7 35. Qa5 Be7 36. Ra7 Qc6 37. Rxe7 1-0